Nennen Sie die 10 besten Fußball-Landesmannschaften der Welt 2024 - Statistiken

Allgemein
  • Dieses Quiz wurde 164 mal gespielt
  • Das Durchschnittsergebnis liegt bei 9 aus 10
Antwortstatistiken
Hint Antwort % Korrekt
2 Frankreich
99%
8 Spanien
97%
5 Brasilien
96%
1 Argentinien
94%
4 Belgien
91%
9 Italien
86%
3 England
84%
7 Portugal
83%
6 Niederlande
78%
10 Kroatien
57%
Keine übereinstimmenden Quizze gefunden
Verteilung der Resultate
Anzahl Personen mit jedem Resultat
Perzentil nach korrekt beantworteten Fragen
Ihre Resultats-Entwicklung
Sie haben dieses Quiz noch nicht gespielt